[Event "7th BayEM"]
[Site "Bad Wiessee GER"]
[Date "2003.11.13"]
[Round "6"]
[White "Stern,R"]
[Black "Reuss,A"]
[Result "1-0"]
[WhiteElo "2484"]
[BlackElo "2361"]

1.d4 c6 2.c4 d5 3.Nc3 Nf6 4.e3 e6 5.Nf3 Nbd7 6.Qc2 Bd6 7.Bd3 O-O 8.O-O Qe7
9.Re1 dxc4 10.Bxc4 b5 11.Bf1 Bb7 12.e4 e5 13.Ne2 Bb4 14.Rd1 Rad8 15.Ng3 exd4
16.Nxd4 Ne5 17.h3 Qc5 18.Be3 Nc4 19.Bxc4 Qxc4 20.Qxc4 bxc4 21.f3 c3 22.bxc3 Bxc3
23.Rac1 Ba5 24.Kf2 Rfe8 25.Ndf5 Rxd1 26.Rxd1 Bb6 27.Rb1 c5 28.Nd6 Rb8 29.Nxb7 Rxb7
30.Nf5 Rd7 31.Ke2 g6 32.Ng3 Ne8 33.Nf1 Nc7 34.Nd2 Ne6 35.Nc4 Rd8 36.a4 Rb8
37.a5 Bc7 38.Rxb8+ Bxb8 39.Kd3 Kf8 40.e5 Ke7 41.Ke4 Kd7 42.Kd5 a6 43.Nb6+ Kd8
44.f4 Bc7 45.g3 h5 46.Bxc5 h4 47.Bf2 hxg3 48.Bxg3 Bxb6 49.axb6 Kd7 50.h4 a5
51.h5 gxh5 52.f5 h4 53.Bxh4 Ng7 54.Ke4 a4 55.Bf2 a3 56.Bd4 Kc6 57.Kf4 a2
58.Kg5 Ne8 59.Kh6 f6 60.exf6 Nd6 61.Kg6 Kd5 62.Ba1  1-0

[Event "7th BayEM"]
[Site "Bad Wiessee GER"]
[Date "2003.11.14"]
[Round "7"]
[White "Mueller,Ra2"]
[Black "Reefschlaeger,H"]
[Result "1/2-1/2"]
[WhiteElo "2162"]
[BlackElo "2310"]

1.Nf3 d5 2.d4 e6 3.c4 c6 4.e3 Nf6 5.Nc3 Nbd7 6.Be2 Bd6 7.Qc2 O-O 8.Bd2 dxc4
9.Bxc4 e5 10.O-O-O exd4 11.Nxd4 Ne5 12.Be2 Bc5 13.Nb3 Bb6 14.h3 Qe7 15.f4 Ng6
16.e4 Re8 17.Bf3  1/2-1/2

[Event "7th BayEM"]
[Site "Bad Wiessee GER"]
[Date "2003.11.14"]
[Round "7"]
[White "Skembris,S"]
[Black "Potkin,V"]
[Result "1/2-1/2"]
[WhiteElo "2439"]
[BlackElo "2534"]

1.d4 d5 2.c4 e6 3.Nf3 Nf6 4.Nc3 c6 5.e3 a6 6.Qc2 c5 7.a3 cxd4 8.exd4 dxc4
9.Bxc4 b5 10.Be2 Bb7 11.O-O Be7 12.Bg5 Nbd7 13.Rfd1 O-O 14.Ne5 Rc8 15.Qd3 Nd5
16.Bxe7 Qxe7 17.Nxd5 Bxd5 18.Qe3 Nxe5 19.dxe5 Rc2 20.Rd2 Qc7 21.Re1 Rxd2
22.Qxd2 Rd8 23.Qc1 Qxc1 24.Rxc1 g5 25.f3 Ba2 26.Rd1 Rc8 27.Rd6 Rc1+ 28.Kf2 Rc2
29.Kf1 Rxb2 30.Rxa6 Bc4 31.Bxc4 bxc4 32.Rc6 Rc2 33.a4 h5 34.a5 Ra2 35.a6 c3
36.Rxc3 Rxa6 37.Rc2 Ra4 38.g3 Kg7 39.h3 h4 40.g4 Ra1+ 41.Kg2 Re1 42.Rc5 Re2+
43.Kg1 Rd2 44.Rc4 Kf8 45.Rc8+ Kg7 46.Rc4 Rd5 47.Re4 Kf8 48.Kf2 Ke7 49.Ke3 Kd7
50.Kf2 Kc6 51.f4 Rd2+ 52.Ke3 Rh2 53.Rc4+ Kd5 54.Rd4+ Kc5 55.Rd7 Rxh3+ 56.Kf2 Rg3
57.fxg5 Rxg4 58.Rxf7 Rxg5 59.Rh7 Kd4  1/2-1/2

[Event "TCh-FIN 2003-4"]
[Site "Finland FIN"]
[Date "2003.11.16"]
[Round "5"]
[White "Salo,H"]
[Black "Molander,R"]
[Result "0-1"]
[WhiteElo "2310"]
[BlackElo "2324"]

1.d4 d5 2.c4 c6 3.Nf3 Nf6 4.Nc3 e6 5.e3 Bd6 6.Qc2 O-O 7.Bd3 Nbd7 8.O-O Re8
9.e4 Nxe4 10.Nxe4 dxe4 11.Bxe4 f5 12.Bd3 c5 13.d5 Ne5 14.Nxe5 Bxe5 15.dxe6 Bxe6
16.Bxf5 Bxf5 17.Qxf5 Qh4 18.g3 Qxc4 19.Bg5 Bxb2 20.Rab1 Rf8 21.Qd7 Rf7 22.Qd2 Bd4
23.Be3 Bxe3 24.Qxe3 b6 25.Rb2 Rd8 26.Rc1 Qd3 27.Qe6 Qd5 28.Qg4 Qf3 29.Qxf3 Rxf3
30.Rc4 Rfd3 31.Ra4 R8d7 32.Kf1 R3d4 33.Ra3 Kf7 34.Ke2 Ke6 35.Ke3 Kd5 36.Rc3 Kc6
37.Rbc2 R7d5 38.h3 b5 39.h4 c4 40.Ke2 Rd3 41.g4 Kc5 42.h5 Kd4  0-1

[Event "TCh-ESP Final"]
[Site "Sanxenxo ESP"]
[Date "2003.11.17"]
[Round "1"]
[White "Krasenkow,M"]
[Black "Cifuentes Parada,R"]
[Result "0-1"]
[WhiteElo "2597"]
[BlackElo "2501"]

1.d4 d5 2.c4 c6 3.Nc3 Nf6 4.e3 e6 5.Nf3 a6 6.c5 Nbd7 7.b4 g6 8.Bd3 Bg7 9.e4 dxe4
10.Nxe4 Nxe4 11.Bxe4 O-O 12.Bf4 a5 13.Bd6 axb4 14.Bxf8 Qxf8 15.O-O e5 16.dxe5 Nxe5
17.Rc1 Nxf3+ 18.Qxf3 Be6 19.Bb1 Bd4 20.Qf4 Bxc5 21.Qc7 Qe7 22.Qxe7 Bxe7 23.Rfe1 Bf6
24.Re2 Kf8 25.h3 Bc3 26.Rd1 Bc4 27.Re3 Bd5 28.h4 h5 29.g3 Bf6 30.Rd2 Ra5
31.Kh2 Bc3 32.Rd1 Bxa2 33.Rd8+ Kg7 34.Bxa2 Rxa2 35.Kg2 Bf6 36.Rd7 b5 37.Rc7 Rc2
38.Rd3 Be5 39.Rb7 Kf6 40.Rf3+ Ke6 41.Kf1 f6 42.Rd3 Rc3 43.Ke2 b3 44.Rxc3 Bxc3
45.Kd1 Bd4 46.f3 Kd5 47.g4 Kc4 48.Kc1 c5 49.gxh5 gxh5 50.Rh7 Kd3 51.Rxh5 b2+
52.Kb1 c4 53.Rh8 c3 54.Rc8 b4 55.h5 b3 56.Rxc3+ Kxc3 57.h6 f5 58.h7 Bh8 59.f4 Kd4  0-1

[Event "13th WSen"]
[Site "Bad Zwischenahn GER"]
[Date "2003.11.18"]
[Round "2"]
[White "Goy,U"]
[Black "Jahr,D"]
[Result "1-0"]
[WhiteElo "2264"]
[BlackElo "2051"]

1.d4 d5 2.Nf3 Nf6 3.c4 e6 4.Nc3 c6 5.e3 Nbd7 6.a3 Bd6 7.Bd3 dxc4 8.Bxc4 Nd5
9.O-O O-O 10.Bd2 Nxc3 11.Bxc3 Nb6 12.Ba2 Nd5 13.Bd2 f5 14.Qc2 Nf6 15.Qxf5 Nd5
16.Qg5 Qc7 17.Bb1 g6 18.Qh4 e5 19.Ba2 Kh8 20.dxe5 Be7 21.Qg3 Qb6 22.e4 Nc7
23.Bh6 Rd8 24.Ng5 Bxg5 25.Qxg5  1-0

[Event "Friendship IM"]
[Site "Cartak CZE"]
[Date "2003.11.18"]
[Round "9"]
[White "Michenka,J"]
[Black "Kanovsky,D"]
[Result "1/2-1/2"]
[WhiteElo "2339"]
[BlackElo "2298"]

1.d4 d5 2.c4 e6 3.Nc3 c6 4.e3 Nf6 5.Nf3 Bd6 6.Bd3 Nbd7 7.O-O O-O 8.e4 dxc4
9.Bxc4 e5 10.Bg5 Qc7 11.d5  1/2-1/2

[Event "7th Cup GM"]
[Site "Paks HUN"]
[Date "2003.11.20"]
[Round "2"]
[White "Grigore,Ge"]
[Black "Sriram,J"]
[Result "1/2-1/2"]
[WhiteElo "2485"]
[BlackElo "2458"]

1.d4 d5 2.c4 c6 3.Nf3 Nf6 4.Nc3 e6 5.e3 Nbd7 6.Qc2 Bd6 7.b3 O-O 8.Be2 b6
9.O-O Bb7 10.e4 dxe4 11.Nxe4 Nxe4 12.Qxe4 Nf6 13.Qh4 c5 14.dxc5 Bxc5 15.Bb2 Qe7
16.Rad1 Rfd8  1/2-1/2

[Event "13th WSen"]
[Site "Bad Zwischenahn GER"]
[Date "2003.11.21"]
[Round "5"]
[White "Kanko,I"]
[Black "Klovans,J"]
[Result "0-1"]
[WhiteElo "2275"]
[BlackElo "2462"]

1.d4 Nf6 2.c4 e6 3.Nf3 d5 4.Nc3 c6 5.e3 Nbd7 6.Bd3 dxc4 7.Bxc4 b5 8.Bd3 a6
9.O-O c5 10.a4 b4 11.Ne4 Bb7 12.Ned2 Be7 13.Re1 cxd4 14.exd4 a5 15.Nc4 O-O
16.Bf4 Nb6 17.Nce5 Rc8 18.Qe2 Qd5 19.Ba6 Bxa6 20.Qxa6 Nfd7 21.Nxd7 Nxd7 22.Rac1 Rxc1
23.Rxc1 Nf6 24.h3 Qb3 25.Ne5 Qxb2 26.Rc8 Qa1+ 27.Kh2 Qxd4 28.Bg3 Rxc8 29.Qxc8+ Qd8
30.Nc6 Qxc8 31.Nxe7+ Kf8 32.Nxc8 b3 33.Be5 Nd7 34.Bb2 Nc5 35.Nb6 Ke7 36.Ba3 Kd8  0-1

[Event "13th WSen"]
[Site "Bad Zwischenahn GER"]
[Date "2003.11.21"]
[Round "5"]
[White "Uhlmann,W"]
[Black "Reichenbach,W"]
[Result "1-0"]
[WhiteElo "2457"]
[BlackElo "2311"]

1.c4 Nf6 2.Nc3 e6 3.Nf3 d5 4.d4 c6 5.e3 Nbd7 6.b3 a6 7.Bd3 b5 8.O-O Be7 9.Qc2 Bb7
10.Bb2 h6 11.c5 O-O 12.b4 Qb8 13.h3 Rc8 14.a3 Qc7 15.Rfe1 Bf8 16.Rad1 Re8
17.Ne5 Nxe5 18.dxe5 Nd7 19.f4 f5 20.g4 g6 21.Re2 Bg7 22.Rg2 Nf8 23.Ne2 Bc8
24.Nd4 a5 25.Kh1 axb4 26.axb4 Re7 27.Rdg1 Ra7 28.Bc3 Ra6 29.h4 Qa7 30.h5 fxg4
31.hxg6 h5 32.Rh2 Bd7 33.Rxh5 Ra2 34.Bb2 Qa4 35.Qc3  1-0

[Event "TCh-SLO"]
[Site "Celje SLO"]
[Date "2003.11.21"]
[Round "7"]
[White "Kozul,Z"]
[Black "Pavlovic,Mi"]
[Result "1-0"]
[WhiteElo "2597"]
[BlackElo "2593"]

1.d4 d5 2.c4 c6 3.e3 Nf6 4.Nc3 e6 5.Nf3 Nbd7 6.Bd3 dxc4 7.Bxc4 b5 8.Bd3 b4
9.Ne4 Nxe4 10.Bxe4 Bb7 11.O-O Bd6 12.b3 O-O 13.Bb2 Nf6 14.Bd3 c5 15.dxc5 Bxc5
16.Qe2 Rc8 17.Ba6 Bxa6 18.Qxa6 Nd5 19.Rfc1 Qb6 20.Qxb6 Bxb6 21.Ne5 f6 22.Nc4 Rfd8
23.g3 Bc5 24.Kf1 Be7 25.Na5 Nc3 26.Rc2 Rd5 27.Nc4 Ne4 28.Rac1 Rcd8 29.f3 Ng5
30.Kf2 e5 31.e4 Ra5 32.Ne3 Ne6 33.Rc6 Kf7 34.Nd5 h5 35.Ra1 Bc5+  1-0

[Event "Bundesliga 2003-4"]
[Site "Baden Baden GER"]
[Date "2003.11.22"]
[Round "3"]
[White "Huebner,R"]
[Black "Hertneck,G"]
[Result "1/2-1/2"]
[WhiteElo "2604"]
[BlackElo "2524"]

1.d4 Nf6 2.c4 e6 3.Nf3 d5 4.Nc3 c6 5.e3 Nbd7 6.Bd3 dxc4 7.Bxc4 b5 8.Bd3 Bb7
9.O-O a6 10.e4 c5 11.e5 cxd4 12.Nxb5 Bxf3 13.Qxf3 Nd5 14.Nxd4 Nxe5 15.Qe4 Nxd3
16.Qxd3 Bd6 17.Nf3 O-O 18.b3 Qf6 19.Bg5 Qg6 20.Qxg6 hxg6 21.Nd2 a5 22.Nc4 Bc5
23.Be3 Rfc8 24.Bxc5 Rxc5 25.Rfc1 Rac8 26.Rd1 a4 27.g3 Ra8 28.Rac1 Rb8 29.Rd3 Nb4
30.Rd2 Nxa2 31.Rxa2 axb3 32.Rb2 g5 33.Rc3 Rb4 34.Rbxb3 Rxb3 35.Rxb3 Rxc4
36.Re3 Kh7 37.Kg2 Kg6 38.h3 g4 39.hxg4 Rxg4 40.f4 Kh7 41.Ra3 Rg6 42.Ra7 Rf6
43.Kf3 g5 44.Kg4 Rf5 45.Ra8 gxf4 46.gxf4 Rb5 47.Ra3 Kg6 48.Rc3 f6 49.Re3 Kf7
50.Ra3 Rb4 51.Kf3 Kg6 52.Rc3 Rd4 53.Ra3 Kf5 54.Ra5+ Rd5 55.Ra3 Rb5 56.Rc3 Rb1
57.Rc5+ e5 58.fxe5 fxe5 59.Rc4 Rf1+ 60.Ke3 Re1+ 61.Kf3 e4+ 62.Kf2 Rd1 63.Rc8 Rd2+
64.Ke3 Rd3+ 65.Ke2 Ra3  1/2-1/2

[Event "Open Bali A"]
[Site "Benidorm ESP"]
[Date "2003.11.22"]
[Round "2"]
[White "Ramirez Gonzalez,J"]
[Black "Debitsch,R"]
[Result "1/2-1/2"]
[WhiteElo "2151"]
[BlackElo "2124"]

1.d4 d5 2.c4 e6 3.Nf3 Nf6 4.Nc3 c6 5.e3 Nbd7 6.Qc2 Bd6 7.g4 Nxg4 8.Rg1 Qf6
9.Rxg4 Qxf3 10.Rxg7 Nf8 11.Rg2 Ng6 12.h3 Bd7 13.Qe2 Qxe2+ 14.Bxe2 O-O-O 15.Bd2 Rhg8
16.Rg1 Be7 17.O-O-O f5 18.Kb1 Bh4 19.f3 Ne7 20.Bd3 Rxg1 21.Rxg1 Rg8 22.Rxg8+ Nxg8
23.Kc2 Kd8 24.Ne2 Ke8 25.e4 Kf7 26.b4 Bf2 27.Kc3 Nf6 28.exf5 exf5 29.Nf4  1/2-1/2

[Event "Open Bali A"]
[Site "Benidorm ESP"]
[Date "2003.11.24"]
[Round "5"]
[White "Gonzalez Valero,J"]
[Black "Lacrosse,M"]
[Result "1/2-1/2"]
[WhiteElo "2231"]
[BlackElo "2255"]

1.d4 d5 2.c4 e6 3.Nc3 Nf6 4.Nf3 c6 5.e3 Nbd7 6.Qc2 Bd6 7.b3 O-O 8.Bd3 e5
9.dxe5 Nxe5 10.Nxe5 Bxe5 11.Bb2 dxc4 12.bxc4 Re8 13.h3 Qe7 14.O-O Qc5 15.Kh1 Bc7
16.Ne2 Qh5 17.Bxf6 gxf6 18.Ng1 Qe5 19.Nf3 Qh5 20.Ng1 Qe5 21.Nf3 Qh5  1/2-1/2

[Event "Open Bali A"]
[Site "Benidorm ESP"]
[Date "2003.11.24"]
[Round "5"]
[White "Yepes Martinez,E"]
[Black "Lloret Climent,M"]
[Result "1-0"]
[WhiteElo "2298"]
[BlackElo "2112"]

1.d4 Nf6 2.c4 e6 3.Nc3 d5 4.Nf3 c6 5.e3 Bd6 6.Qc2 Nbd7 7.g4 h6 8.Rg1 Qe7
9.h4 g6 10.Bd2 dxc4 11.Bxc4 e5 12.g5 hxg5 13.hxg5 Nh5 14.O-O-O Nb6 15.Bd3 exd4
16.Bxg6 Be6 17.Bxh5 dxc3 18.Bxf7+ Bxf7 19.Bxc3 Rh3 20.g6 Bxa2 21.Ng5 Rh2
22.Qf5 Nd5 23.Ne4 Rd8 24.g7  1-0

[Event "Fakel Jamala"]
[Site "Noyabrsk RUS"]
[Date "2003.11.25"]
[Round "8"]
[White "Potapov,A1"]
[Black "Rogovski,V"]
[Result "1-0"]
[WhiteElo "2513"]
[BlackElo "2474"]

1.d4 c6 2.c4 d5 3.Nc3 Nf6 4.e3 e6 5.Nf3 Nbd7 6.Bd3 Bd6 7.O-O O-O 8.e4 dxc4
9.Bxc4 e5 10.Bg5 Re8 11.Qb3 Qe7 12.d5 h6 13.dxc6 bxc6 14.Rfd1 Nc5 15.Bxf7+ Kf8
16.Nh4 Nxb3 17.Bxb3 Qe6 18.Bxe6 Rxe6 19.Nf5 Bb4 20.Bxf6 Rxf6 21.Rd8+ Kf7
22.Rad1 g6 23.Nd6+ Bxd6 24.R1xd6 Rxd6 25.Rxd6 Be6 26.Rxc6 Rd8 27.h4 Rd2 28.b3 Rc2
29.Rc7+ Kf8 30.Rc5 Kf7 31.b4 Bxa2 32.Nxa2 Rxa2 33.Rxe5 Rb2  1-0

[Event "7th Cup GM"]
[Site "Paks HUN"]
[Date "2003.11.26"]
[Round "8"]
[White "Sriram,J"]
[Black "Pataki,G"]
[Result "1/2-1/2"]
[WhiteElo "2458"]
[BlackElo "2367"]

1.d4 d5 2.c4 c6 3.Nc3 Nf6 4.e3 e6 5.Nf3 Nbd7 6.Bd3 dxc4 7.Bxc4 b5 8.Bd3 Bb7
9.e4 b4 10.Na4 c5 11.e5 Nd5 12.O-O cxd4 13.Re1 Be7 14.Nxd4 O-O 15.Qg4 Re8
16.Bb5 Kh8 17.Nc6 Bxc6 18.Bxc6 Rc8 19.Bb5 Qc7 20.Bf4 Red8 21.Ba6 Rb8 22.b3 Nxf4
23.Qxf4 Kg8 24.Re3 Nc5 25.Nxc5  1/2-1/2

[Event "7th Cup IM"]
[Site "Paks HUN"]
[Date "2003.11.27"]
[Round "9"]
[White "Himanshu,K"]
[Black "Sebestyen,Ba"]
[Result "1/2-1/2"]
[WhiteElo "2051"]
[BlackElo "2251"]

1.d4 d5 2.c4 c6 3.Nf3 e6 4.e3 Nf6 5.Nc3 Nbd7 6.Bd3 dxc4 7.Bxc4 b5 8.Bd3 Bb7
9.e4 b4 10.Na4 c5 11.e5 Nd5 12.O-O cxd4 13.Re1 Be7 14.Nxd4 O-O 15.Qg4 Nxe5
16.Rxe5 Nf6 17.Qh4 Ne4 18.Qg4 Qxd4 19.Rxe4 Qxd3 20.Bh6 Bf6 21.Nc5 Qd5 22.Nxb7 Qxb7
23.Rxb4 Qe7 24.Be3 Rab8 25.Rxb8 Rxb8 26.Qa4 Bxb2 27.Rd1  1/2-1/2

[Event "TCh-AUT 2003-4"]
[Site "Graz AUT"]
[Date "2003.11.28"]
[Round "1"]
[White "Pinter,J"]
[Black "Gustafsson,J"]
[Result "1/2-1/2"]
[WhiteElo "2518"]
[BlackElo "2571"]

1.d4 d5 2.c4 c6 3.Nc3 Nf6 4.e3 e6 5.Nf3 a6 6.Qc2 c5 7.dxc5 Bxc5 8.a3 dxc4
9.Bxc4 b5 10.Bd3 Nbd7 11.b4 Be7 12.Bb2 Bb7 13.Rd1 Rc8 14.Qb1 Qc7 15.Rc1 Qb8
16.O-O O-O 17.Ne4 Nxe4 18.Bxe4 Bxe4 19.Qxe4 Nf6 20.Qe5 Qb7 21.h3 h6 22.Rfd1 Rxc1
23.Rxc1 Rc8 24.Rc3 Bf8 25.Qd4 Rxc3 26.Qxc3 Nd5 27.Qc2 Nb6 28.Ne5 Bd6 29.Nf3 Nc4  1/2-1/2

[Event "Open"]
[Site "Santo Domingo DOM"]
[Date "2003.11.28"]
[Round "2"]
[White "Warner,D"]
[Black "Bruzon,L"]
[Result "1/2-1/2"]
[WhiteElo "2277"]
[BlackElo "2603"]

1.Nf3 Nf6 2.c4 e6 3.Nc3 d5 4.d4 c6 5.e3 Nbd7 6.Qc2 Bd6 7.g4 Bb4 8.Bd2 Qe7
9.g5 Bxc3 10.Bxc3 Ne4 11.Rg1 b6 12.Bd3 Nxc3 13.Qxc3 dxc4 14.Qxc4 Bb7 15.Be4 O-O
16.O-O-O Rac8 17.Kb1 f5 18.gxf6 Nxf6 19.Ng5 Nxe4 20.Nxe4 c5 21.dxc5 Bxe4+
22.Qxe4 Rxc5 23.f4 Qf7  1/2-1/2

[Event "Hotel Bali Stars"]
[Site "Benidorm ESP"]
[Date "2003.11.29"]
[Round "9"]
[White "Mamedyarov,S"]
[Black "Karjakin,Sergey"]
[Result "0-1"]
[WhiteElo "2595"]
[BlackElo "2562"]

1.d4 d5 2.c4 c6 3.Nf3 Nf6 4.Nc3 e6 5.e3 Nbd7 6.Qc2 Bd6 7.g4 Bb4 8.Bd2 Qe7
9.Bd3 Bxc3 10.Bxc3 dxc4 11.Bxc4 b5 12.Bd3 Bb7 13.e4 Nxe4 14.Bxe4 f5 15.Bd3 c5
16.Be2 cxd4 17.Bxd4 Rc8 18.Qd2 fxg4 19.Rg1 e5 20.Bc3 Bxf3 21.Bxb5 Qe6 22.Bb4 a6
23.Ba4 Rc4 24.Rc1 Re4+ 25.Kf1 Be2+ 26.Kg2 Bf3+ 27.Kg3 Rd4 28.Qg5 Rxb4 29.Rc8+ Kf7
30.Bxd7 Qxd7 31.Rxh8 Be4 32.Re1 Qd3+ 33.Qe3 Rxb2 34.Qxd3 Bxd3 35.Rxe5 Rxa2
36.Rd5 Bg6 37.Rd6 Bf5 38.Ra8 Ra3+ 39.Kf4 Rf3+ 40.Ke5 h6 41.Ra7+ Kg8 42.Ra8+ Kf7
43.Rdxa6 Rxf2 44.R6a7+ Kg6 45.Rg8 Re2+ 46.Kf4 Rf2+ 47.Ke5 Re2+ 48.Kf4 Rf2+
49.Kg3 Rf3+ 50.Kg2 Be4 51.Raxg7+ Kh5 52.Kg1 Bf5 53.Rf8 Kh4 54.Rgf7  0-1

[Event "TCh-AUT 2003-4"]
[Site "Graz AUT"]
[Date "2003.11.29"]
[Round "2"]
[White "Boensch,U"]
[Black "Volkmann,F"]
[Result "1-0"]
[WhiteElo "2545"]
[BlackElo "2452"]

1.d4 d5 2.c4 c6 3.e3 Nf6 4.Nc3 e6 5.Nf3 Nbd7 6.Qc2 Bd6 7.Bd2 O-O 8.h3 a6
9.g4 Bb4 10.O-O-O b5 11.c5 Re8 12.Bd3 e5 13.dxe5 Nxe5 14.Nxe5 Rxe5 15.f4 Re8
16.e4 Bxc5 17.e5 Nd7 18.Bxh7+ Kh8 19.Bf5 Nf8 20.Kb1 Be7 21.Be3 Bb7 22.Qf2 Ne6
23.g5 Nf8 24.Ne4 Bc8 25.Bg4 Qc7 26.Nc5 Kg8 27.Bd4 g6 28.Rc1 Be6 29.Nxe6 Nxe6
30.Bxe6 fxe6 31.Qc2 Kf7 32.h4 Rh8 33.h5 gxh5 34.f5 Bxg5 35.fxe6+ Ke7 36.Qg6  1-0

[Event "TCh-AUT 2003-4"]
[Site "Graz AUT"]
[Date "2003.11.29"]
[Round "2"]
[White "Bischoff,K"]
[Black "Mueller,Ka"]
[Result "1-0"]
[WhiteElo "2564"]
[BlackElo "2521"]

1.Nf3 d5 2.c4 c6 3.e3 Nf6 4.Nc3 e6 5.d4 Nbd7 6.Qc2 Bd6 7.b3 e5 8.Bb2 e4 9.Nd2 O-O
10.h3 Re8 11.cxd5 cxd5 12.Nb5 Nb8 13.Nxd6 Qxd6 14.Nb1 Nc6 15.Ba3 Qd8 16.Qd2 Bf5
17.Nc3 Rc8 18.Be2 Qd7 19.Nb5 Re6 20.g4 Bg6 21.g5 Ne8 22.Bg4 Ne5 23.dxe5 Qxb5
24.Bxe6 fxe6 25.Qb4 Nc7 26.Rc1 Qd3 27.Qd2 Qa6 28.Bd6 Bh5 29.Rxc7 Rxc7 30.Bxc7 Bf3
31.Rg1 Kf7 32.g6+ hxg6 33.Bd6 Qb5 34.Rg3 Bh5 35.Rg4  1-0

[Event "34th NCC"]
[Site "Philadelphia USA"]
[Date "2003.11.29"]
[Round "3"]
[White "Dougherty,M"]
[Black "Bierkens,P"]
[Result "0-1"]
[WhiteElo "2244"]
[BlackElo "2208"]

1.d4 d5 2.Nf3 c6 3.c4 Nf6 4.Nc3 e6 5.e3 Nbd7 6.Bd3 dxc4 7.Bxc4 b5 8.Bd3 Bd6
9.e4 e5 10.d5 cxd5 11.Nxd5 Nxd5 12.exd5 O-O 13.O-O a6 14.Bg5 f6 15.Be3 f5
16.Ng5 Nc5 17.Bc2 Qe7 18.Kh1 Bd7 19.g3 Rad8 20.Qh5 h6 21.Nf3 Ne4 22.Nh4 Nf6
23.Qg6 Ne4 24.f3 Rf6 25.Qh5 Rc8 26.Bxe4 fxe4 27.fxe4 Rc4 28.Kg2 Rxe4 29.Rxf6 Qxf6
30.Rf1 Bh3+  0-1

[Event "TCh-SWE 2003-4"]
[Site "Malmo SWE"]
[Date "2003.11.30"]
[Round "5"]
[White "Holst,C"]
[Black "Eklund,LG"]
[Result "1/2-1/2"]
[WhiteElo "2141"]
[BlackElo "2275"]

1.d4 d5 2.c4 c6 3.Nf3 Nf6 4.Nc3 e6 5.e3 Ne4 6.Be2 Nd7 7.O-O Bd6 8.Nxe4 dxe4
9.Nd2 f5 10.f4 exf3 11.Nxf3 O-O 12.c5 Bc7 13.Bc4 Nf6 14.Qd3 Ne4 15.Bd2 Qe7
16.b4 Kh8 17.Be1 b6 18.Nd2 Nxd2 19.Qxd2 e5 20.Bg3 Be6 21.Bxe6 Qxe6 22.Rad1 bxc5
23.bxc5 Rf7 24.dxe5 h6 25.e4 Bxe5 26.exf5 Qf6 27.Bxe5 Qxe5 28.Qd6 Rxf5 29.Qxc6 Qxc5+  1/2-1/2

[Event "Open"]
[Site "Santo Domingo DOM"]
[Date "2003.12.01"]
[Round "6"]
[White "Kiriakov,P"]
[Black "Khenkin,I"]
[Result "1/2-1/2"]
[WhiteElo "2555"]
[BlackElo "2627"]

1.d4 d5 2.c4 e6 3.Nc3 c6 4.e3 Nf6 5.Nf3 Nbd7 6.Bd3 dxc4 7.Bxc4 b5 8.Be2 Bb7
9.O-O Be7 10.e4 b4 11.e5 bxc3 12.exf6 Bxf6 13.bxc3 O-O 14.Rb1 Qc7 15.Bf4 Qxf4  1/2-1/2

[Event "33rd Rilton Cup"]
[Site "Stockholm SWE"]
[Date "2003.12.02"]
[Round "6"]
[White "Braun,A"]
[Black "Fontaine,R"]
[Result "0-1"]
[WhiteElo "2440"]
[BlackElo "2526"]

1.d4 d5 2.c4 c6 3.Nf3 Nf6 4.e3 e6 5.Nc3 Nbd7 6.Qc2 Bd6 7.b3 O-O 8.Bb2 Qe7
9.Bd3 Re8 10.e4 dxe4 11.Nxe4 Nxe4 12.Bxe4 Bb4+ 13.Ke2 Nf6 14.Bd3 c5 15.a3 Ba5
16.Ne5 cxd4 17.Bxd4 Rd8 18.Bb2 h6 19.Rad1 Bd7 20.h4 Bc6 21.Rhg1 Bb6 22.b4 a5
23.Bc3 axb4 24.Nxc6 bxc6 25.axb4 e5 26.Bf5 Bd4 27.Rge1 Ra3 28.Bd2 Nh5 29.Qe4 Qf6
30.g4 Qxh4 31.Rf1 Nf6 32.Qh1 Rh3 33.Qxc6 Rh2 34.Be3 g6 35.Be4 Qxg4+ 36.Bf3 Qf5
37.b5 Kg7 38.b6 e4 39.Rxd4 exf3+ 40.Kd2 Qa5+ 41.Kc2 Qa2+ 42.Kc3 Ra8 43.b7 Ra3+
44.Kb4 Rb3+ 45.Kc5 Qa7+ 46.Kd6 Rb6 47.Rf4 Qb8+ 48.Kc5 Rxc6+ 49.Kxc6 Ne8 50.Kd7 Rh5
51.Bd4+ Kg8 52.Rb1 Kf8  0-1

[Event "ch-IND National A"]
[Site "Calicut IND"]
[Date "2003.12.04"]
[Round "2"]
[White "Kunte,A"]
[Black "Barua,D"]
[Result "1/2-1/2"]
[WhiteElo "2535"]
[BlackElo "2528"]

1.d4 d5 2.c4 e6 3.Nc3 Nf6 4.Nf3 c6 5.e3 Nbd7 6.Bd3 dxc4 7.Bxc4 b5 8.Bd3 Bb7
9.e4 b4 10.Na4 c5 11.e5 Nd5 12.O-O cxd4 13.Re1 N5b6 14.Nxd4 Nxa4 15.Qxa4 Bc5
16.Be3 O-O 17.Rad1  1/2-1/2

[Event "TCh-CZE Extraliga 2003-4"]
[Site "Czech Rep CZE"]
[Date "2003.12.06"]
[Round "3"]
[White "Matlak,M"]
[Black "Obsivac,J"]
[Result "1/2-1/2"]
[WhiteElo "2501"]
[BlackElo "2361"]

1.c4 c6 2.Nf3 d5 3.e3 Nf6 4.Nc3 e6 5.d4 Nbd7 6.Bd3 dxc4 7.Bxc4 b5 8.Bd3 Bb7
9.e4 b4 10.Na4 c5 11.e5 Nd5 12.O-O g6 13.Nxc5 Nxc5 14.dxc5 Qa5 15.Nd2 Qxc5
16.Ne4 Qb6 17.Bg5 Be7 18.Bxe7 Kxe7 19.Qd2 h6 20.Nd6 g5 21.Be4 Rad8 22.a3 b3
23.Rac1 Kf8 24.Bxd5 Bxd5 25.Qe3 Kg7 26.Qxb6 axb6 27.Rc7 Rhf8 28.f4 g4 29.Rd1 Ra8
30.Kf2 Ra5 31.Kg3 h5 32.Rdc1 Kg6 33.Re7 Rc5 34.Rxc5 bxc5 35.Rc7 Ra8 36.Rxc5 Ra4
37.Nc8 Be4 38.Rb5 Rd4 39.Ne7+ Kg7 40.Rxb3 Rd2 41.Kh4 Rxg2 42.Kxh5 Bf3 43.Kg5 Rxh2
44.f5 Re2 45.Rb8 Rxe5 46.Rg8+ Kh7 47.Rf8 Kg7 48.Rg8+ Kh7 49.Rf8 Kg7  1/2-1/2

[Event "22nd SEA Games Team Rapid"]
[Site "Ho Chi Minh City VIE"]
[Date "2003.12.06"]
[Round "4.1"]
[White "Wu Shaobin"]
[Black "Goh Koon Jong,J"]
[Result "0-1"]
[WhiteElo "2528"]
[BlackElo "2314"]

1.d4 d5 2.c4 c6 3.Nc3 Nf6 4.Nf3 e6 5.e3 Nbd7 6.Qc2 Bd6 7.Be2 dxc4 8.Bxc4 O-O
9.O-O a6 10.Rd1 Qc7 11.e4 e5 12.g3 b5 13.Be2 c5 14.dxe5 Nxe5 15.Bg5 Nfd7
16.Nd5 Qa7 17.Nh4 c4 18.Be7 Bxe7 19.Nxe7+ Kh8 20.Nhf5 Nc5 21.Nxc8 Raxc8 22.Nd6 Rcd8
23.Rd5 f6 24.b3 Ncd3 25.Bxd3 cxd3 26.Qd1 g6 27.Rc1 Qb6 28.Nc4 bxc4 29.bxc4 Rxd5
30.cxd5 Qd4  0-1

[Event "TCh-AUT B Mitte 2003-4"]
[Site "Trofaiach AUT"]
[Date "2003.12.06"]
[Round "3"]
[White "Ribli,Z"]
[Black "Pilaj,H"]
[Result "1/2-1/2"]
[WhiteElo "2593"]
[BlackElo "2375"]

1.c4 c6 2.d4 d5 3.Nc3 Nf6 4.e3 e6 5.Nf3 Nbd7 6.Bd3 dxc4 7.Bxc4 b5 8.Bd3 b4
9.Ne4 c5 10.Nxf6+ gxf6 11.O-O Qb6 12.Qe2 Bg7 13.a3 O-O 14.axb4 cxb4 15.e4 a5
16.Be3 Ba6 17.d5 Bxd3 18.Qxd3 Qa6 19.Qxa6 Rxa6 20.Rfd1 e5 21.Nh4 a4 22.Nf5 Rfa8
23.Kf1 Bf8 24.Rdc1 b3 25.Rc7 a3 26.bxa3 Rxa3 27.Re1 b2 28.Rxd7 Rb3 29.Ra7 Rxa7
30.Bxa7 b1=Q 31.Rxb1 Rxb1+ 32.Ke2 Rb7 33.Be3 Ba3 34.h4 Kf8 35.g4 Ke8 36.g5 fxg5
37.hxg5 Bf8 38.Kf3 Rb4 39.Ng3 Rc4 40.Kg4 Bc5 41.Bxc5 Rxc5 42.Nh5 Rc2 43.Nf6+ Ke7
44.Kf5 Rxf2+ 45.Kxe5 Rh2 46.d6+ Kd8 47.Kf4 h6  1/2-1/2

[Event "22nd SEA Games Team Standard"]
[Site "Ho Chi Minh City VIE"]
[Date "2003.12.07"]
[Round "1"]
[White "Thamtavatvorn,T"]
[Black "Handoko,E"]
[Result "1/2-1/2"]
[WhiteElo "2231"]
[BlackElo "2429"]

1.d4 d5 2.c4 e6 3.Nc3 Nf6 4.Nf3 c6 5.e3 Nbd7 6.Qc2 Bd6 7.Bd3 O-O 8.O-O c5
9.cxd5 exd5 10.e4 cxd4 11.Nxd5 Nxd5 12.exd5 h6 13.Nxd4 Qh4 14.Nf3 Qh5 15.Bh7+ Kh8
16.Qf5 g5 17.h4 Ne5 18.Qf6+ Kxh7 19.Nxe5 Bxe5 20.Qxe5 Qxh4 21.Be3 Bg4 22.Rac1 Rae8
23.Qf6 Qh5 24.Rc7 Qg6 25.Qxg6+ Kxg6 26.Rxb7 Rb8 27.Rxb8 Rxb8 28.b3 a6 29.Rc1  1/2-1/2

[Event "22nd SEA Games Team Standard"]
[Site "Ho Chi Minh City VIE"]
[Date "2003.12.07"]
[Round "3"]
[White "Antonio,R"]
[Black "Jiravorasuk,B"]
[Result "0-1"]
[WhiteElo "2521"]
[BlackElo "2276"]

1.Nf3 d5 2.d4 Nf6 3.c4 c6 4.Nc3 e6 5.e3 Nbd7 6.Qc2 Bd6 7.Bd3 O-O 8.e4 dxc4
9.Bxc4 e5 10.O-O exd4 11.Nxd4 Nb6 12.Qd3 Ng4 13.Nf3 Nxc4 14.Qxc4 Be6 15.Qe2 b5
16.b3 Qc7 17.h3 Ne5 18.Bb2 Nxf3+ 19.Qxf3 Be5 20.Rac1 Qa5 21.Qe2 Rad8 22.Kh1 f6
23.f4 Bd4 24.Rc2 a6 25.Rfc1 c5 26.Nd1 c4 27.Bxd4 Rxd4 28.bxc4 Bxc4 29.Qf3 Qe1+
30.Kh2 Qxe4 31.Qf2 Qxf4+ 32.Qxf4 Rxf4 33.Ne3 Bf7 34.a3 Ra4 35.Rc3 Be6 36.Rd1 Re8
37.Rd6 Kf7 38.Rb6 Re7 39.Kg3 h5 40.Kf2 h4 41.Kg1 f5 42.Nf1 Rd7 43.Kh2 f4  0-1

[Event "FSIM December"]
[Site "Budapest HUN"]
[Date "2003.12.08"]
[Round "3"]
[White "Logothetis,S"]
[Black "Boguszlavszkij,J"]
[Result "1/2-1/2"]
[WhiteElo "2248"]
[BlackElo "2262"]

1.d4 d5 2.c4 e6 3.Nf3 Nf6 4.Nc3 c6 5.e3 Ne4 6.Be2 f5 7.O-O Bd6 8.Ne5 O-O
9.f4 Nd7 10.Nxe4 fxe4 11.Bd2 Nxe5 12.fxe5 Rxf1+ 13.Qxf1 Be7 14.b4 Bd7 15.a4 Qe8
16.Qf4 Qg6 17.Rf1 Rf8 18.Qg3 Qxg3 19.Rxf8+ Kxf8 20.hxg3 Ke8 21.c5 Kd8 22.Kf2 Be8
23.Bg4 Bf7 24.b5 Kc7 25.Bb4 Kd7 26.Ba5 g5 27.Be2 h5 28.g4 h4 29.b6 axb6 30.Bxb6 Bd8
31.Ke1 Bxb6 32.cxb6 Kc8 33.Kd2 Be8 34.a5 c5 35.dxc5 Ba4 36.Kc3 Kd7 37.Kb4 Bc6
38.Kc3 Ba4 39.Kb4 Bc6 40.Kc3  1/2-1/2

[Event "II Manuel Pereyra Puebla Mem"]
[Site "Mendoza ARG"]
[Date "2003.12.08"]
[Round "4"]
[White "Monier,R"]
[Black "Luconi,C"]
[Result "1/2-1/2"]
[WhiteElo "2405"]
[BlackElo "2254"]

1.d4 d5 2.c4 e6 3.Nf3 Nf6 4.Nc3 c6 5.e3 Nbd7 6.Qc2 Bd6 7.Be2 O-O 8.O-O Re8
9.Rd1 Qe7 10.h3 h6 11.a3 dxc4 12.Bxc4 e5 13.Nh4 Nf8 14.dxe5 Bxe5 15.Nf3 Bc7
16.b4 Be6 17.Bd3 Rad8 18.Bb2 N8h7 19.Be2 Ng5 20.Rxd8 Rxd8 21.Rd1 Nd5 22.Nxd5 Rxd5
23.Rxd5 Bxd5 24.Qc3 f6 25.Nxg5  1/2-1/2